[Event "European Rapid Championship 2021"]
[Site "Katowice"]
[Date "2021.12.18"]
[Round "3.14"]
[White "Putlak, Wojciech"]
[Black "Godzwon, Iwo"]
[Result "1/2-1/2"]
[WhiteElo "2000"]
[BlackElo "2352"]
[Annotator "NA"]
[PlyCount "60"]
[EventDate "2021.12.18"]
[EventType "swiss"]
[EventCountry "POL"]
[SourceTitle "playchess.com"]
[Source "ChessBase"]
[SourceQuality "1"]
[TimeControl "900+10"]

1. Nf3 {[%emt 0:00:02]} c5 {[%emt 0:00:04]} 2. c4 {[%emt 0:00:03]} g6 {[%emt 0:
00:10]} 3. g3 {[%emt 0:00:05]} Bg7 {[%emt 0:00:01]} 4. Bg2 {[%emt 0:00:03]} Nc6
{[%emt 0:00:02]} 5. O-O {[%emt 0:00:06]} e5 {[%emt 0:00:02]} 6. Nc3 {[%emt 0:
00:10]} Nge7 {[%emt 0:00:02]} 7. d3 {[%emt 0:00:09]} O-O {[%emt 0:00:04]} 8. a3
{[%emt 0:00:29]} d6 {[%emt 0:00:18]} 9. Rb1 {[%emt 0:00:09]} f5 {[%emt 0:00:11]
} 10. Bd2 {[%emt 0:00:19]} a5 {[%emt 0:00:53]} 11. Ne1 {[%emt 0:00:20]} Be6 {
[%emt 0:00:15]} 12. Nc2 {[%emt 0:00:05]} d5 {[%emt 0:00:28]} 13. cxd5 {[%emt 0:
00:14]} Nxd5 {[%emt 0:00:01]} 14. Nxd5 {[%emt 0:00:55]} Bxd5 {[%emt 0:00:02]}
15. Bxd5+ {[%emt 0:01:11]} Qxd5 {[%emt 0:00:02]} 16. Ne3 {[%emt 0:00:47]} Qe6 {
[%emt 0:00:22]} 17. a4 {[%emt 0:00:31]} f4 {[%emt 0:01:08]} 18. Nc4 {[%emt 0:
00:28]} Qh3 {[%emt 0:00:23]} 19. Bc3 {[%emt 0:00:59]} e4 {[%emt 0:08:41]} 20.
dxe4 {[%emt 0:01:22]} Bd4 {[%emt 0:00:01]} 21. Bxd4 {[%emt 0:01:31]} Nxd4 {
[%emt 0:00:02]} 22. Ne5 {[%emt 0:01:40]} Rad8 {[%emt 0:00:39]} 23. Qd3 {
[%emt 0:00:27]} Qh5 {[%emt 0:03:04]} 24. Nf3 {[%emt 0:00:26]} fxg3 {[%emt 0:00:
02]} 25. Qc4+ {[%emt 0:00:38]} Kh8 {[%emt 0:01:41]} 26. fxg3 {[%emt 0:00:29]}
Rxf3 {[%emt 0:00:34]} 27. exf3 {[%emt 0:00:39]} Nxf3+ {[%emt 0:00:00]} 28. Rxf3
{[%emt 0:00:30]} Qxf3 {[%emt 0:00:02]} 29. Qc3+ {[%emt 0:00:23]} Qxc3 {[%emt 0:
00:10]} 30. bxc3 {[%emt 0:00:02]} Rd3 {[%emt 0:00:17]} 1/2-1/2

[Event "European Rapid Championship 2021"]
[Site "Katowice"]
[Date "2021.12.18"]
[Round "3.15"]
[White "Kulon, Klaudia"]
[Black "Vidruska, Renate"]
[Result "1-0"]
[WhiteElo "2328"]
[BlackElo "1993"]
[Annotator "NA"]
[PlyCount "55"]
[EventDate "2021.12.18"]
[EventType "swiss"]
[EventCountry "POL"]
[SourceTitle "playchess.com"]
[Source "ChessBase"]
[SourceQuality "1"]
[TimeControl "900+10"]

1. c4 {[%emt 0:00:03]} e5 {[%emt 0:00:32]} 2. g3 {[%emt 0:00:03]} c6 {[%emt 0:
00:02]} 3. Bg2 {[%emt 0:00:09]} d5 {[%emt 0:00:09]} 4. cxd5 {[%emt 0:00:05]}
cxd5 {[%emt 0:00:02]} 5. Qb3 {[%emt 0:00:08]} Nf6 {[%emt 0:00:18]} 6. Nc3 {
[%emt 0:00:02]} Nc6 {[%emt 0:00:32]} 7. Nxd5 {[%emt 0:00:57]} Nxd5 {[%emt 0:00:
32]} 8. Qxd5 {[%emt 0:00:25]} Bd6 {[%emt 0:00:12]} 9. Qb3 {[%emt 0:01:17]} Nd4
{[%emt 0:00:43]} 10. Qd1 {[%emt 0:00:12]} Qc7 {[%emt 0:01:05]} 11. Be4 {
[%emt 0:01:10]} f5 {[%emt 0:00:17]} 12. Bb1 {[%emt 0:00:13]} Bd7 {[%emt 0:01:
53]} 13. b3 {[%emt 0:00:13]} O-O {[%emt 0:01:59]} 14. Bb2 {[%emt 0:00:04]} Bc6
{[%emt 0:00:14]} 15. f3 {[%emt 0:00:09]} Rae8 {[%emt 0:00:49]} 16. e3 {[%emt 0:
00:19]} Ne6 {[%emt 0:00:20]} 17. Nh3 {[%emt 0:00:07]} e4 {[%emt 0:01:24]} 18.
f4 {[%emt 0:00:10]} Nc5 {[%emt 0:00:18]} 19. O-O {[%emt 0:00:16]} h6 {[%emt 0:
00:03]} 20. b4 {[%emt 0:00:35]} Na4 {[%emt 0:00:16]} 21. Bd4 {[%emt 0:00:09]}
b5 {[%emt 0:00:18]} 22. a3 {[%emt 0:00:16]} Kh7 {[%emt 0:00:06]} 23. Ba2 {
[%emt 0:00:07]} a5 {[%emt 0:00:08]} 24. Rc1 {[%emt 0:00:08]} Qb7 {[%emt 0:00:
24]} 25. Qh5 {[%emt 0:00:13]} Be7 {[%emt 0:01:54]} 26. Bf7 {[%emt 0:00:50]} Bf6
{[%emt 0:00:28]} 27. Qg6+ {[%emt 0:00:24]} Kh8 {[%emt 0:00:01]} 28. Ng5 {
[%emt 0:00:10]} 1-0

[Event "European Rapid Championship 2021"]
[Site "Katowice"]
[Date "2021.12.18"]
[Round "3.15"]
[White "Froewis, Annika"]
[Black "Janik, Igor"]
[Result "0-1"]
[WhiteElo "2079"]
[BlackElo "2462"]
[Annotator "ChessBase"]
[PlyCount "88"]
[EventDate "2021.12.18"]
[EventType "swiss"]
[EventCountry "POL"]
[SourceTitle "playchess.com"]
[Source "ChessBase"]
[SourceQuality "1"]
[TimeControl "900+10"]

1. e4 {[%emt 0:00:02]} Nf6 {[%emt 0:00:13]} 2. e5 {[%emt 0:00:07]} Nd5 {
[%emt 0:00:01]} 3. c4 {[%emt 0:00:01]} Nb6 {[%emt 0:00:01]} 4. d4 {[%emt 0:00:
01]} d6 {[%emt 0:00:00]} 5. exd6 {[%emt 0:00:01]} cxd6 {[%emt 0:00:01]} 6. Nc3
{[%emt 0:00:06]} g6 {[%emt 0:00:02]} 7. h4 {[%emt 0:00:01]} h5 {[%emt 0:00:26]}
8. Be3 {[%emt 0:00:10]} Bg7 {[%emt 0:00:02]} 9. Rc1 {[%emt 0:01:38]} Nc6 {
[%emt 0:00:03]} 10. b3 {[%emt 0:00:08]} O-O {[%emt 0:00:40]} 11. Nf3 {[%emt 0:
00:35]} Bg4 {[%emt 0:00:02]} 12. Be2 {[%emt 0:00:11]} d5 {[%emt 0:00:00]} 13.
c5 Nc8 14. a3 {[%emt 0:02:02]} e6 {[%emt 0:00:02]} 15. b4 {[%emt 0:00:34]} a6 {
[%emt 0:00:01]} 16. Kf1 {[%emt 0:00:48]} N8e7 {[%emt 0:00:05]} 17. Ng5 {
[%emt 0:01:22]} Bxe2+ {[%emt 0:00:05]} 18. Nxe2 {[%emt 0:00:02]} Nf5 {[%emt 0:
00:05]} 19. Rc2 {[%emt 0:02:26]} e5 {[%emt 0:00:23]} 20. Nf3 {[%emt 0:00:53]}
e4 {[%emt 0:00:14]} 21. Ng5 {[%emt 0:00:24]} Qf6 {[%emt 0:00:30]} 22. Kg1 {
[%emt 0:00:58]} Rad8 {[%emt 0:00:23]} 23. Rd2 {[%emt 0:00:17]} Nxe3 {[%emt 0:
01:29]} 24. fxe3 {[%emt 0:00:04]} Bh6 {[%emt 0:00:01]} 25. Nf4 {[%emt 0:01:07]}
Bxg5 {[%emt 0:00:02]} 26. hxg5 {[%emt 0:00:01]} Qxg5 {[%emt 0:00:05]} 27. Rf2 {
[%emt 0:01:29]} Ne7 {[%emt 0:00:18]} 28. Qe2 {[%emt 0:00:41]} Kg7 {[%emt 0:00:
34]} 29. Nh3 {[%emt 0:01:03]} Qg4 {[%emt 0:00:21]} 30. Qxg4 {[%emt 0:00:02]}
hxg4 {[%emt 0:00:01]} 31. Ng5 {[%emt 0:00:02]} Nf5 {[%emt 0:00:08]} 32. Rf4 {
[%emt 0:00:33]} Rh8 {[%emt 0:00:05]} 33. Rxh8 {[%emt 0:01:10]} Rxh8 {[%emt 0:
00:01]} 34. Rxg4 {[%emt 0:00:48]} Nxe3 {[%emt 0:00:03]} 35. Rf4 {[%emt 0:00:16]
} f5 {[%emt 0:00:01]} 36. Rf2 {[%emt 0:00:32]} Kf6 {[%emt 0:00:15]} 37. Nh3 {
[%emt 0:00:03]} g5 {[%emt 0:00:01]} 38. a4 {[%emt 0:00:05]} f4 {[%emt 0:00:11]}
39. Nxf4 {[%emt 0:00:36]} gxf4 {[%emt 0:00:02]} 40. Rxf4+ {[%emt 0:00:01]} Ke6
{[%emt 0:00:01]} 41. b5 {[%emt 0:00:08]} axb5 {[%emt 0:00:04]} 42. axb5 {
[%emt 0:00:02]} Nf5 {[%emt 0:00:01]} 43. g4 {[%emt 0:00:10]} Nxd4 {[%emt 0:00:
02]} 44. b6 {[%emt 0:00:13]} Ne2+ {[%emt 0:00:01]} 0-1

[Event "European Rapid Championship 2021"]
[Site "Katowice"]
[Date "2021.12.18"]
[Round "3.16"]
[White "Gumularz, Szymon"]
[Black "Adamczewski, Maciej"]
[Result "1-0"]
[WhiteElo "2452"]
[BlackElo "2081"]
[Annotator "ChessBase"]
[PlyCount "87"]
[EventDate "2021.12.18"]
[EventType "swiss"]
[EventCountry "POL"]
[SourceTitle "playchess.com"]
[Source "ChessBase"]
[SourceQuality "1"]
[TimeControl "900+10"]

1. e4 {[%emt 0:00:02]} e6 {[%emt 0:00:00]} 2. d4 {[%emt 0:00:03]} d5 {[%emt 0:
00:01]} 3. exd5 {[%emt 0:00:01]} exd5 {[%emt 0:00:01]} 4. Nf3 {[%emt 0:00:01]}
Nc6 {[%emt 0:00:03]} 5. Nc3 {[%emt 0:00:01]} Bg4 {[%emt 0:00:03]} 6. Bb5 {
[%emt 0:00:06]} Bb4 {[%emt 0:00:05]} 7. h3 {[%emt 0:00:10]} Bh5 {[%emt 0:00:29]
} 8. g4 {[%emt 0:00:48]} Bg6 {[%emt 0:00:01]} 9. Ne5 {[%emt 0:00:04]} Nge7 {
[%emt 0:00:01]} 10. h4 {[%emt 0:00:13]} f6 {[%emt 0:00:02]} 11. Nxg6 {[%emt 0:
00:05]} hxg6 {[%emt 0:00:14]} 12. Qd3 {[%emt 0:00:12]} Qd7 {[%emt 0:00:29]} 13.
f3 {[%emt 0:00:03]} a6 {[%emt 0:00:08]} 14. Ba4 {[%emt 0:00:14]} Bd6 {[%emt 0:
02:01]} 15. Ne2 {[%emt 0:00:20]} O-O-O {[%emt 0:01:30]} 16. Bd2 {[%emt 0:00:05]
} g5 {[%emt 0:00:23]} 17. h5 {[%emt 0:00:04]} g6 {[%emt 0:00:01]} 18. O-O-O {
[%emt 0:00:32]} gxh5 {[%emt 0:00:11]} 19. gxh5 {[%emt 0:00:04]} Rh6 {[%emt 0:
01:05]} 20. f4 {[%emt 0:01:24]} Rdh8 21. Bxc6 Nxc6 {[%emt 0:01:03]} 22. fxg5 {
[%emt 0:00:12]} fxg5 {[%emt 0:00:01]} 23. Qf3 {[%emt 0:00:04]} Be7 {[%emt 0:00:
56]} 24. Rdg1 {[%emt 0:00:13]} Rf8 {[%emt 0:03:14]} 25. Qg2 {[%emt 0:01:51]}
Rf5 {[%emt 0:00:33]} 26. c3 {[%emt 0:00:02]} Na5 {[%emt 0:00:30]} 27. Ng3 {
[%emt 0:03:07]} Rf7 {[%emt 0:01:20]} 28. Rf1 {[%emt 0:00:20]} Rxf1+ {[%emt 0:
00:21]} 29. Rxf1 {[%emt 0:01:01]} Nc4 {[%emt 0:00:10]} 30. Nf5 {[%emt 0:00:15]}
Nxd2 {[%emt 0:01:03]} 31. Kxd2 {[%emt 0:01:04]} Re6 {[%emt 0:01:28]} 32. h6 {
[%emt 0:00:29]} Bf6 {[%emt 0:00:33]} 33. Ne3 {[%emt 0:00:17]} c6 {[%emt 0:01:
20]} 34. Ng4 {[%emt 0:00:17]} Bd8 {[%emt 0:00:27]} 35. Ne5 {[%emt 0:00:11]} Qh7
{[%emt 0:00:09]} 36. Rf8 {[%emt 0:01:46]} Rf6 {[%emt 0:00:45]} 37. Rxd8+ {
[%emt 0:03:33]} Kxd8 {[%emt 0:00:02]} 38. Qxg5 {[%emt 0:00:01]} Qf5 {[%emt 0:
00:26]} 39. Qxf5 {[%emt 0:00:17]} Rxf5 {[%emt 0:00:00]} 40. h7 {[%emt 0:00:00]}
Rh5 {[%emt 0:00:20]} 41. h8=Q+ {[%emt 0:00:04]} Rxh8 {[%emt 0:00:01]} 42. Nf7+
{[%emt 0:00:01]} Ke7 {[%emt 0:00:02]} 43. Nxh8 {[%emt 0:00:01]} Kf6 {[%emt 0:
00:01]} 44. Ke3 {[%emt 0:00:01]} 1-0

[Event "European Rapid Championship 2021"]
[Site "Katowice"]
[Date "2021.12.18"]
[Round "3.16"]
[White "Kiolbasa, Damian"]
[Black "Janaszak, Dawid"]
[Result "0-1"]
[WhiteElo "1893"]
[BlackElo "2328"]
[Annotator "NA"]
[PlyCount "90"]
[EventDate "2021.12.18"]
[EventType "swiss"]
[EventCountry "POL"]
[SourceTitle "playchess.com"]
[Source "ChessBase"]
[SourceQuality "1"]
[TimeControl "900+10"]

1. d4 {[%emt 0:00:01]} Nf6 {[%emt 0:00:16]} 2. c4 {[%emt 0:00:05]} c5 {[%emt 0:
00:03]} 3. d5 {[%emt 0:00:04]} b5 {[%emt 0:00:01]} 4. Qc2 {[%emt 0:00:02]} b4 {
[%emt 0:00:12]} 5. b3 {[%emt 0:01:17]} g6 {[%emt 0:00:15]} 6. Bb2 {[%emt 0:00:
01]} Bg7 {[%emt 0:00:01]} 7. h4 {[%emt 0:00:36]} d6 {[%emt 0:00:11]} 8. Nd2 {
[%emt 0:00:27]} a5 {[%emt 0:01:45]} 9. h5 {[%emt 0:01:55]} a4 {[%emt 0:02:52]}
10. h6 {[%emt 0:01:49]} Bf8 {[%emt 0:00:01]} 11. a3 {[%emt 0:00:58]} axb3 {
[%emt 0:01:22]} 12. Qxb3 {[%emt 0:00:07]} bxa3 {[%emt 0:01:18]} 13. Rxa3 {
[%emt 0:00:01]} Rxa3 {[%emt 0:00:05]} 14. Qxa3 {[%emt 0:00:01]} Qb6 {[%emt 0:
00:48]} 15. e4 {[%emt 0:04:37]} Rg8 {[%emt 0:00:23]} 16. f3 {[%emt 0:01:55]} g5
{[%emt 0:00:02]} 17. e5 {[%emt 0:01:15]} dxe5 {[%emt 0:00:02]} 18. Bxe5 {
[%emt 0:00:02]} Nbd7 {[%emt 0:00:35]} 19. Bc3 {[%emt 0:00:11]} Rg6 {[%emt 0:00:
46]} 20. Bd3 {[%emt 0:00:25]} Rxh6 {[%emt 0:00:03]} 21. Rxh6 {[%emt 0:00:03]}
Bxh6 {[%emt 0:00:02]} 22. Bf5 {[%emt 0:00:01]} Qa6 {[%emt 0:02:44]} 23. Qb2 {
[%emt 0:00:31]} Bf8 {[%emt 0:00:25]} 24. Ne2 {[%emt 0:00:18]} h5 {[%emt 0:00:
11]} 25. Nc1 {[%emt 0:01:46]} g4 {[%emt 0:00:14]} 26. Nd3 {[%emt 0:00:01]} Bh6
{[%emt 0:00:16]} 27. f4 {[%emt 0:00:02]} h4 {[%emt 0:02:28]} 28. Bxf6 {[%emt 0:
00:44]} exf6 {[%emt 0:01:13]} 29. Bxd7+ {[%emt 0:00:14]} Bxd7 {[%emt 0:00:01]}
30. Ne4 {[%emt 0:00:01]} Bg7 {[%emt 0:00:52]} 31. Qb8+ {[%emt 0:00:02]} Bc8 {
[%emt 0:00:15]} 32. Nd6+ {[%emt 0:00:06]} Kd8 {[%emt 0:00:03]} 33. Nb5 {
[%emt 0:00:43]} Qa5+ {[%emt 0:00:14]} 34. Ke2 {[%emt 0:00:04]} f5 {[%emt 0:00:
19]} 35. Qd6+ {[%emt 0:00:08]} Bd7 {[%emt 0:00:01]} 36. Qxc5 {[%emt 0:00:12]}
h3 {[%emt 0:00:31]} 37. gxh3 {[%emt 0:00:15]} gxh3 {[%emt 0:00:02]} 38. Ne5 {
[%emt 0:00:06]} Qa2+ {[%emt 0:00:15]} 39. Ke3 {[%emt 0:00:09]} Bxe5 {[%emt 0:
00:18]} 40. fxe5 {[%emt 0:00:13]} Qb3+ {[%emt 0:00:01]} 41. Kf2 {[%emt 0:00:04]
} Qc2+ {[%emt 0:00:02]} 42. Kg3 {[%emt 0:00:06]} Qg2+ {[%emt 0:00:01]} 43. Kf4
{[%emt 0:00:07]} Qg4+ {[%emt 0:00:01]} 44. Ke3 {[%emt 0:00:01]} Qg1+ {[%emt 0:
00:01]} 45. Kf4 {[%emt 0:00:01]} Qxc5 {[%emt 0:00:01]} 0-1

[Event "European Rapid Championship 2021"]
[Site "Katowice"]
[Date "2021.12.18"]
[Round "3.17"]
[White "Kukula, Pawel"]
[Black "Krasenkow, Michal"]
[Result "0-1"]
[WhiteElo "2088"]
[BlackElo "2576"]
[Annotator "TA"]
[PlyCount "102"]
[EventDate "2021.12.18"]
[EventType "swiss"]
[EventCountry "POL"]
[SourceTitle "playchess.com"]
[Source "ChessBase"]
[SourceQuality "1"]

{[%evp 13,102,19,57,12,21,29,22,24,28,28,53,-4,-13,-14,26,0,21,20,27,0,0,0,12,
-13,0,-14,-12,-7,0,-55,-38,-53,-54,-54,-61,-77,-56,-59,0,-52,-39,-46,-47,-86,
-73,-91,-84,-86,-74,-160,-86,-86,-86,-150,-146,-150,-157,-165,-86,-86,-87,-92,
-70,-95,-63,-220,-220,-376,-366,-538,-242,-503,-460,-428,-355,-285,-305,-243,
-205,-1405,-1387,-29989,-29990,-29992,-29993,-29993,-29994,-29995,-29996,
-29996,-29990]} 1. e4 g6 2. d4 Bg7 3. Nf3 d6 4. Bc4 Nf6 5. Qe2 O-O 6. O-O c6 7.
Bb3 Bg4 8. c3 {B06: Modern Defence.} (8. Nbd2 $14) 8... Nbd7 9. h3 Bxf3 10.
Qxf3 {The position is equal.} e5 11. Be3 a5 {[%cal Ba7a5,Ba5a4][%mdl 32] [#]}
12. Nd2 $146 (12. a4 $1 $14) ({Predecessor:} 12. a4 Qe7 13. Nd2 exd4 14. cxd4
Rae8 15. Bc2 Nb6 16. Bg5 h6 17. Bf4 Nh5 18. Be3 {1-0 (32) Baer,W-Grott,P DESC
email 2008}) 12... a4 $11 13. Bc2 {[%cal Bb3c2,Bc2b1,Bb1a2][%mdl 32]} b5 14.
Rad1 Qa5 15. a3 Rfe8 16. Bb1 d5 17. Rfe1 Rad8 18. exd5 cxd5 19. Ba2 e4 20. Qg3
Nb6 21. Qh4 (21. f3 $11) 21... Nc4 $15 22. Bxc4 bxc4 23. Bg5 Qb6 24. Nf1 Rd6
25. Rd2 Nd7 ({Better is} 25... Rde6 $15) 26. Rde2 (26. f4 $11) 26... f5 27. Ne3
Nf8 28. Be7 Rd7 29. Bc5 Qb8 {Hoping for ...Ne6.} 30. Bxf8 Bxf8 31. Qf6 {[#]} ({
White should play} 31. f4) 31... Rd6 (31... f4 $142 $1 {[%cal Rf4e3]} 32. Ng4
Qd6 33. Qxd6 Rxd6) 32. Qh4 $17 Qb7 33. Nf1 ({White should try} 33. f4) 33...
Rb6 34. Ne3 Be7 $36 {[%mdl 2048] Black is really pushing.} (34... Rxb2 35. Rxb2
Qxb2 36. Nxd5 $11) 35. Qg3 {[#]} Bd6 ({Don't do} 35... Rxb2 36. Rxb2 Qxb2 37.
Nxd5 $14) (35... Rf8 $1 $19 {And now ...f4 would win.} 36. Qe5 Rd8) 36. f4 exf3
37. Qxf3 Re4 38. Nd1 Bb8 {Black is much more active.} 39. Rxe4 $2 {Now White
is beyond hope.} (39. Nf2 $15) 39... fxe4 $19 ({Inferior is} 39... dxe4 40. Qf2
$17) 40. Qg4 (40. Qf2 Qc7 41. g4) 40... Qc7 {White must now prevent ...Qh2+.}
41. Qg5 (41. Kf1 $142 h5 42. Qg5 Qf4+ 43. Qxf4 Bxf4 44. Kf2) 41... Kg7 (41...
Qh2+ $142 42. Kf1 Bg3) 42. Kf1 $2 (42. Qe5+ {is the only way for White.} Qxe5
43. dxe5) 42... Rf6+ {[%cal Bb6f6,Bf6f5,Bf5f4,Bf4f8][%mdl 32]} 43. Ke2 Rf5 44.
Qh4 Rf4 {The board is on fire.} 45. Qg5 Qb7 {aiming for ...h6.} 46. Qd8 $2 (46.
Rf1 Rxf1 47. Kxf1) 46... Rf8 47. Qa5 Qb3 {Black mates.} 48. Kd2 Bf4+ 49. Re3
Bxe3+ 50. Kxe3 Qxd1 {[%cal Rd1e1]} 51. Qc7+ Kh6 {Weighted Error Value: White=0.
63/Black=0.24 (precise)} 0-1

[Event "European Rapid Championship 2021"]
[Site "Katowice"]
[Date "2021.12.18"]
[Round "3.17"]
[White "Rudecki, Bartosz"]
[Black "Golubovskis, Maksims"]
[Result "1-0"]
[WhiteElo "1820"]
[BlackElo "2210"]
[Annotator "ChessBase"]
[PlyCount "167"]
[EventDate "2021.12.18"]
[EventType "swiss"]
[EventCountry "POL"]
[SourceTitle "playchess.com"]
[Source "ChessBase"]
[SourceQuality "1"]
[TimeControl "900+10"]

1. e4 {[%emt 0:00:02]} c5 {[%emt 0:00:06]} 2. Nf3 {[%emt 0:00:02]} d6 {[%emt 0:
00:06]} 3. d4 {[%emt 0:00:02]} Nf6 {[%emt 0:00:08]} 4. Nc3 {[%emt 0:00:19]}
cxd4 {[%emt 0:00:06]} 5. Qxd4 {[%emt 0:00:31]} Nc6 {[%emt 0:00:01]} 6. Bb5 {
[%emt 0:00:06]} Bd7 {[%emt 0:00:01]} 7. Bxc6 {[%emt 0:00:04]} Bxc6 {[%emt 0:00:
01]} 8. Bg5 {[%emt 0:00:12]} e6 {[%emt 0:00:01]} 9. O-O-O {[%emt 0:00:11]} Be7
{[%emt 0:00:13]} 10. Rhe1 {[%emt 0:00:05]} Qc7 {[%emt 0:01:12]} 11. Kb1 {
[%emt 0:00:13]} O-O {[%emt 0:00:13]} 12. Qd2 {[%emt 0:00:30]} b5 {[%emt 0:00:
59]} 13. Bxf6 {[%emt 0:02:35]} Bxf6 {[%emt 0:05:07]} 14. Qxd6 {[%emt 0:00:10]}
Qb7 {[%emt 0:00:01]} 15. Nd4 {[%emt 0:01:31]} Rac8 {[%emt 0:00:02]} 16. Nxc6 {
[%emt 0:01:58]} Rxc6 {[%emt 0:00:03]} 17. Qb4 {[%emt 0:02:02]} Bxc3 {[%emt 0:
03:13]} 18. bxc3 {[%emt 0:00:06]} Rc4 {[%emt 0:00:46]} 19. Qa5 {[%emt 0:01:42]}
Ra4 {[%emt 0:02:44]} 20. Qd8 {[%emt 0:00:01]} Qa6 {[%emt 0:00:01]} 21. Rd6 {
[%emt 0:00:20]} Qb7 {[%emt 0:01:10]} 22. Qd7 {[%emt 0:00:37]} Qb8 {[%emt 0:00:
20]} 23. Re3 {[%emt 0:00:19]} h6 {[%emt 0:01:03]} 24. e5 {[%emt 0:00:31]} Rc4 {
[%emt 0:00:44]} 25. Rd4 {[%emt 0:00:44]} Rc5 {[%emt 0:00:01]} 26. Qd6 {[%emt 0:
00:38]} Qc8 {[%emt 0:00:11]} 27. Kb2 {[%emt 0:01:09]} a5 {[%emt 0:00:18]} 28.
a3 {[%emt 0:00:01]} Rc6 {[%emt 0:00:40]} 29. Qd7 {[%emt 0:00:04]} Qa8 {[%emt 0:
00:00]} 30. Qe7 {[%emt 0:00:18]} Re8 {[%emt 0:00:07]} 31. Qh4 {[%emt 0:00:09]}
Qc8 {[%emt 0:00:25]} 32. Rg3 {[%emt 0:00:12]} Kh8 {[%emt 0:00:14]} 33. Rdg4 {
[%emt 0:00:10]} Qd8 {[%emt 0:00:10]} 34. Qxd8 {[%emt 0:00:09]} Rxd8 {[%emt 0:
00:00]} 35. Rxg7 {[%emt 0:00:05]} Rc5 {[%emt 0:00:05]} 36. Rxf7 {[%emt 0:00:40]
} Rxe5 {[%emt 0:00:01]} 37. Rb7 {[%emt 0:00:11]} Rf8 {[%emt 0:00:20]} 38. Rd3 {
[%emt 0:00:10]} Rg5 {[%emt 0:00:08]} 39. g3 {[%emt 0:01:29]} Rxf2 {[%emt 0:00:
13]} 40. Rd8+ {[%emt 0:00:01]} Rg8 {[%emt 0:00:01]} 41. Rdd7 {[%emt 0:00:00]}
Rg5 {[%emt 0:00:32]} 42. Rh7+ {[%emt 0:00:05]} Kg8 {[%emt 0:00:00]} 43. Rxh6 {
[%emt 0:00:01]} Re5 {[%emt 0:00:09]} 44. Rb8+ {[%emt 0:00:14]} Kg7 {[%emt 0:00:
08]} 45. Rhh8 {[%emt 0:00:02]} Rd2 {[%emt 0:00:15]} 46. Rhd8 {[%emt 0:00:21]}
Rxh2 {[%emt 0:00:10]} 47. Rd7+ {[%emt 0:00:33]} Kg6 {[%emt 0:00:05]} 48. Rg8+ {
[%emt 0:00:05]} Kf5 {[%emt 0:00:11]} 49. Rd4 {[%emt 0:00:11]} Ree2 {[%emt 0:00:
20]} 50. Rf4+ {[%emt 0:00:02]} Ke5 {[%emt 0:00:01]} 51. Rg5+ {[%emt 0:00:10]}
Kd6 {[%emt 0:00:01]} 52. Rxb5 {[%emt 0:00:06]} Rxc2+ {[%emt 0:00:12]} 53. Kb3 {
[%emt 0:00:03]} Rb2+ {[%emt 0:00:14]} 54. Ka4 {[%emt 0:00:02]} Rbc2 {[%emt 0:
00:04]} 55. Rb6+ {[%emt 0:00:17]} Ke5 {[%emt 0:00:01]} 56. Rb5+ {[%emt 0:00:05]
} Kd6 {[%emt 0:00:00]} 57. Rb6+ {[%emt 0:00:53]} Kd5 {[%emt 0:00:01]} 58. c4+ {
[%emt 0:00:10]} Ke5 {[%emt 0:00:50]} 59. Kxa5 {[%emt 0:00:01]} Rc3 {[%emt 0:00:
04]} 60. Rb5+ Kd6 61. c5+ {[%emt 0:00:29]} Kc6 {[%emt 0:00:20]} 62. a4 {
[%emt 0:00:31]} Rxg3 {[%emt 0:00:10]} 63. Rd4 {[%emt 0:00:03]} e5 {[%emt 0:00:
15]} 64. Rd6+ Kc7 65. Re6 {[%emt 0:00:06]} Rg4 {[%emt 0:00:26]} 66. Rxe5 {
[%emt 0:00:19]} Rhh4 {[%emt 0:00:06]} 67. Re7+ {[%emt 0:00:02]} Kd8 {[%emt 0:
00:07]} 68. Rf7 {[%emt 0:00:06]} Rxa4+ {[%emt 0:00:03]} 69. Kb6 {[%emt 0:00:01]
} Rhb4 {[%emt 0:00:29]} 70. Rxb4 {[%emt 0:00:43]} Rxb4+ {[%emt 0:00:00]} 71.
Kc6 {[%emt 0:00:01]} Ke8 {[%emt 0:00:16]} 72. Rh7 {[%emt 0:00:03]} Kd8 {
[%emt 0:00:13]} 73. Rh8+ {[%emt 0:00:03]} Ke7 {[%emt 0:00:01]} 74. Kc7 {
[%emt 0:00:00]} Rg4 {[%emt 0:00:13]} 75. Rd8 {[%emt 0:00:22]} Rc4 {[%emt 0:00:
13]} 76. Rd7+ {[%emt 0:00:01]} Ke6 {[%emt 0:00:12]} 77. c6 {[%emt 0:00:02]} Rc1
{[%emt 0:00:04]} 78. Rd2 {[%emt 0:00:02]} Ke5 {[%emt 0:00:07]} 79. Kb7 {
[%emt 0:00:05]} Rb1+ {[%emt 0:00:04]} 80. Kc8 {[%emt 0:00:01]} Ke6 {[%emt 0:00:
14]} 81. c7 {[%emt 0:00:22]} Rf1 {[%emt 0:00:02]} 82. Rb2 {[%emt 0:00:34]} Rc1
{[%emt 0:00:26]} 83. Kb8 {[%emt 0:00:05]} Kd7 {[%emt 0:00:13]} 84. Rd2+ {
[%emt 0:00:02]} 1-0

[Event "European Rapid Championship 2021"]
[Site "Katowice"]
[Date "2021.12.18"]
[Round "3.18"]
[White "Mirzoev, Emil"]
[Black "Kowalczyk, Rafal"]
[Result "1-0"]
[WhiteElo "2418"]
[BlackElo "2235"]
[Annotator "NA"]
[PlyCount "75"]
[EventDate "2021.12.18"]
[EventType "swiss"]
[EventCountry "POL"]
[SourceTitle "playchess.com"]
[Source "ChessBase"]
[SourceQuality "1"]
[TimeControl "900+10"]

1. Nf3 {[%emt 0:00:03]} Nf6 {[%emt 0:00:03]} 2. c4 {[%emt 0:00:02]} e6 {
[%emt 0:00:04]} 3. g3 {[%emt 0:00:07]} d5 {[%emt 0:00:02]} 4. b3 {[%emt 0:00:
36]} d4 {[%emt 0:00:03]} 5. Bg2 {[%emt 0:00:12]} c5 {[%emt 0:00:03]} 6. b4 {
[%emt 0:00:45]} cxb4 {[%emt 0:04:35]} 7. a3 {[%emt 0:00:02]} Nc6 {[%emt 0:00:
52]} 8. O-O {[%emt 0:00:09]} bxa3 {[%emt 0:01:14]} 9. d3 {[%emt 0:01:00]} Be7 {
[%emt 0:04:29]} 10. Bxa3 {[%emt 0:00:06]} O-O {[%emt 0:00:34]} 11. Qa4 {
[%emt 0:00:56]} e5 {[%emt 0:00:22]} 12. Nbd2 {[%emt 0:00:18]} Nd7 {[%emt 0:01:
00]} 13. Rfb1 {[%emt 0:00:52]} Bxa3 {[%emt 0:01:33]} 14. Qxa3 {[%emt 0:00:14]}
f5 {[%emt 0:00:11]} 15. Ne1 {[%emt 0:00:48]} Nf6 {[%emt 0:00:22]} 16. Nc2 {
[%emt 0:00:24]} Qe8 {[%emt 0:00:21]} 17. Qc5 {[%emt 0:03:00]} Rf7 {[%emt 0:00:
35]} 18. Nb4 {[%emt 0:00:29]} Nxb4 {[%emt 0:00:55]} 19. Rxb4 {[%emt 0:00:18]}
b6 {[%emt 0:00:17]} 20. Qb5 {[%emt 0:00:55]} Bd7 {[%emt 0:00:22]} 21. Qa6 {
[%emt 0:00:05]} e4 {[%emt 0:00:31]} 22. Nb3 {[%emt 0:00:37]} e3 {[%emt 0:00:09]
} 23. f4 {[%emt 0:00:23]} Rd8 {[%emt 0:00:02]} 24. Qxa7 {[%emt 0:00:23]} Bc6 {
[%emt 0:00:13]} 25. Qxb6 {[%emt 0:00:01]} Bxg2 {[%emt 0:00:02]} 26. Kxg2 {
[%emt 0:00:01]} Rfd7 {[%emt 0:00:08]} 27. Qc6 {[%emt 0:00:41]} Qh5 {[%emt 0:00:
16]} 28. Qf3 {[%emt 0:00:03]} Qe8 {[%emt 0:00:12]} 29. Ra5 {[%emt 0:00:05]} g6
{[%emt 0:00:18]} 30. c5 {[%emt 0:00:08]} Nd5 {[%emt 0:00:04]} 31. Rxd4 {
[%emt 0:00:03]} Nc3 {[%emt 0:00:13]} 32. Rxd7 {[%emt 0:00:05]} Qxd7 {[%emt 0:
00:03]} 33. c6 {[%emt 0:00:13]} Qc7 {[%emt 0:00:20]} 34. Re5 {[%emt 0:00:17]}
Qb6 {[%emt 0:00:09]} 35. Nc5 {[%emt 0:00:14]} Qb1 {[%emt 0:00:11]} 36. Qxe3 {
[%emt 0:00:47]} Nd5 {[%emt 0:00:11]} 37. Rxd5 {[%emt 0:00:37]} Rxd5 {[%emt 0:
00:02]} 38. Qe6+ {[%emt 0:00:08]} 1-0